Highest Points of Every European Country - Statistics

General Stats
  • This quiz has been taken 33 times
  • The average score is 13 of 36
Answer Stats
Country Answer Height (m) % Correct
France/Italy Mont Blanc 4808
100%
Germany Zugspitze 2962
85%
United Kingdom Ben Nevis 1345
81%
Turkey Ararat 5137
77%
Greece Mount Olympus 2917
77%
Russia Elbrus 5642
73%
Austria Grossglockner 3798
69%
Spain Teide 3715
65%
Slovenia Triglav 2864
65%
Poland Rysy 2499
54%
Switzerland Dufourspitze 4634
46%
Portugal Mount Pico 2351
38%
Hungary Kékes 1014
31%
Bulgaria Musala 2925
31%
Belgium Signal de Botrange 694
31%
Czechia Sněžka 1603
31%
Croatia Dinara 1831
27%
Norway Galdhøpiggen 2469
27%
Slovakia Gerlach 2654
27%
Finland Halti 1324
27%
Sweden Kebnekaise 2096
27%
Luxembourg Kneiff 560
27%
Romania Moldoveanu 2544
27%
Ukraine Hoverla 2061
23%
Bosnia and Herzegovina Maglić 2364
23%
Denmark Møllehøj 171
19%
Montenegro Zla Kolata 2534
19%
Lithuania Aukštojas 294
15%
Ireland Carrauntoohil 1039
15%
Iceland Hvannadalshnúkur 2110
15%
Albania/Macedonia Mount Korab 2764
15%
Estonia Suur Munamägi 318
15%
Belarus Dzyarzhynskaya Hara 346
12%
Latvia Gaiziņkalns 312
12%
Netherlands Vaalserberg 322
12%
Serbia Velika Rudoka 2660
0%
No matching quizzes found
Score Distribution
Percent of People with Each Score
Percentile by Number Answered
Your Score History
You have not taken this quiz